El discurso de la espiritualidad dirigida: Antonio Núñez de Miranda, confesor de Sor Juana / (Registro nro. 59494)
[ vista simple ]
| 000 -LEADER | |
|---|---|
| fixed length control field | 00975nam a2200229 a 4500 |
| 001 - CONTROL NUMBER | |
| control field | 59494 |
| 005 - DATE AND TIME OF LATEST TRANSACTION | |
| control field | 20180714060448.0 |
| 008 - FIXED-LENGTH DATA ELEMENTS--GENERAL INFORMATION | |
| fixed length control field | 140415s2001 mx 000 0 spa d |
| 020 ## - INTERNATIONAL STANDARD BOOK NUMBER | |
| International Standard Book Number | 968-36-9570-1 |
| 082 0# - DEWEY DECIMAL CLASSIFICATION NUMBER | |
| Classification number | 860.109 |
| Item number | BRA |
| 100 1# - MAIN ENTRY--PERSONAL NAME | |
| Personal name | Bravo Arriaga, María Dolores |
| Relator term | autor |
| 245 13 - TITLE STATEMENT | |
| Title | El discurso de la espiritualidad dirigida: Antonio Núñez de Miranda, confesor de Sor Juana / |
| Statement of responsibility, etc. | María Dolores Bravo Arriaga. |
| 264 #1 - PRODUCTION, PUBLICATION, DISTRIBUTION, MANUFACTURE, AND COPYRIGHT NOTICE | |
| Place of production, publication, distribution, manufacture | México : |
| Name of producer, publisher, distributor, manufacturer | Universidad Nacional Autónoma de México, Instituto de Investigaciones Bibliográficas, |
| Date of production, publication, distribution, manufacture, or copyright notice | 2001 |
| 300 ## - PHYSICAL DESCRIPTION | |
| Extent | 248 páginas ; |
| Dimensions | 23 cm. |
| 336 ## - CONTENT TYPE | |
| Content type term | texto |
| Source | rdacontent |
| 337 ## - MEDIA TYPE | |
| Media type term | sin mediación |
| Source | rdamedia |
| 338 ## - CARRIER TYPE | |
| Carrier type term | volume |
| Source | rdacarrier |
| 490 0# - SERIES STATEMENT | |
| Series statement | Estudios de Cultura Literaria Novohispana ; |
| Volume/sequential designation | n. 16 |
| 600 04 - SUBJECT ADDED ENTRY--PERSONAL NAME | |
| Personal name | Juana Inés de la Cruz |
| Dates associated with a name | 1651-1695 |
| General subdivision | Crítica e interpretación |
| 600 04 - SUBJECT ADDED ENTRY--PERSONAL NAME | |
| Personal name | Núñez de Miranda, Antonio, |
| Dates associated with a name | 1618-1695 |
| General subdivision | Crítica e interpretación |
| 650 #4 - SUBJECT ADDED ENTRY--TOPICAL TERM | |
| Topical term or geographic name entry element | Literatura mexicana colonial |
| Withdrawn status | Lost status | Source of classification or shelving scheme | Damaged status | Not for loan | Collection code | Home library | Current library | Shelving location | Date acquired | Source of acquisition | Inventory number | Total Checkouts | Total Renewals | Full call number | Barcode | Date last seen | Date last checked out | Price effective from | Koha item type |
|---|---|---|---|---|---|---|---|---|---|---|---|---|---|---|---|---|---|---|---|
| Dewey Decimal Classification | General | Biblioteca Karol Wojtyla | Biblioteca Karol Wojtyla | Sala general | 19/08/2014 | Compra | 151000000000000000033331 | 1 | 1 | 860.109 BRA 2001 | 92265 | 05/01/2026 | 18/11/2021 | 19/08/2014 | Libro |